000 01623nam a2200277Ia 4500
999 _c56565
_d56565
001 23679
003 GE_BSU
005 20260311173757.0
008 181216s1976||||ge |||||||||||||| ||geo||
040 _cGE_BSU
041 _ageo
080 _a94(479.22) ქ-95
100 _aჭელიძე, ვახტანგ
_927115
245 _a ქართლის ცხოვრების ქრონიკები. წ. 2 :
_b [მე-9 საუკ-დან დავით აღმაშენებლის ეპოქამდე] /
_cმოთხრობილი ვახტანგ ჭელიძის მიერ ; რედ. : გ. მელიქიშვილი, თ. პაპუაშვილი ; მხატვ. : დ. დუნდუა.
250 _a1-ლი გამოცემა
264 _aთბილისი :
_bნაკადული,
_c1976.
300 _a430 გვ. ;
_c21 სმ.
541 _h1ლ. 86თ.
653 _aმე-9 საუკ-დან დავით აღმაშენებლის ეპოქამდე
653 _aსაქართველოს ისტორია
653 _aქართლის ცხოვრების ქრონიკები. მოთხრობილი ვახტანგ ჭელიძის მიერ. წ. 2.
700 _aლიქიშვილი, გ.
_eრედაქტორი
_927116
700 _aპაპუაშვილი, თ.
_eრედაქტორი
_927114
700 _aდუნდუა, დ.
_eმხატვარი
_94812
942 _cBK
_2udc